| 000 | 00704nam a2200217 i 4500 | ||
|---|---|---|---|
| 001 | 39218 | ||
| 003 | ES-MaACL | ||
| 005 | 20231207062958.0 | ||
| 007 | t| | ||
| 008 | 030227s1953 sp 00110 spa d | ||
| 100 | 1 |
_aCalvo Serer, Rafael, _d1916-1988 _933911 |
|
| 245 | 1 | 3 |
_aLa configuración del futuro / _cRafael Calvo Serer. |
| 260 |
_aMadrid : _bRialp, _c1953 ( _fEstades) |
||
| 300 |
_a253 p. ; _c19 cm. |
||
| 490 | 1 |
_aBiblioteca pensamiento actual ; _v20 |
|
| 651 | 4 |
_aEspaña- _xCivilización- _yS.XIX. _9162600 |
|
| 651 | 0 |
_aEspaña- _xCivilización- _yS.XX. _98171 |
|
| 830 | 1 |
_aBiblioteca pensamiento actual ; _v20 _9181790 |
|
| 852 |
_aES-MaACL _jC-6250 |
||
| 999 |
_c39218 _d39218 |
||